000 004690000a22001570004500
003 MACL
005 20150802162737.0
008 150802b xxu||||| |||| 00| 0 eng d
040 _aMACL
_cmacl
100 _aHanlon Rosalind O'
_94442
245 _aA Comparison Between Men and Women
_bTarabai shinde and the Critique of Gender Relations in Colonial India
260 _bOxford University Press
_c1994
350 _a200
650 _aSociology
_919
942 _cBK
_k300
_2ddc
999 _c18161
_d18161